| 000 | 00950nam a22002177a 4500 | ||
|---|---|---|---|
| 005 | 20250829191806.0 | ||
| 008 | 240816b ||||| |||| 00| 0 eng d | ||
| 082 | _aDPer 155.205 J826 July-September 2020 v. 119 n. 1-3 | ||
| 100 |
_aRamati-Ziber, Leeat. _eauthor. _958013 |
||
| 245 |
_aThe beauty myth : _bprescriptive beauty norms for women reflect employment pratices / _cLeeat Ramati-Ziber, Nurit Shnabel, and Peter Glick. |
||
| 260 |
_aWashington ; _bAmerican Psychological Association , _cAugust 2020. |
||
| 300 |
_aVolume 119, pages 317-343 : _billustration ; _c27 cm. |
||
| 500 | _aJournal of Personality and Social Psychology , vol. 119, no. 2 , pages 317-343, August 2020. | ||
| 650 |
_aPsychology. _960832 |
||
| 650 |
_aSexism. _960833 |
||
| 650 |
_aIndividuality. _919964 |
||
| 700 |
_aRamati-Ziber, Leeat. _eauthor. _958013 |
||
| 700 |
_aShnabel, Nurit. _eauthor. _958014 |
||
| 700 |
_aGlick, Peter. _eauthor. _958015 |
||
| 942 |
_2ddc _cPER |
||
| 999 |
_c20536 _d20536 |
||